000 00333 a2200157 4500
001 150682
040 _cEscola São Tomás de Aquino
100 _aSTIENECKER, David L
240 1 0 _aMulplicação
_lpor
245 1 0 _aMulplicação
300 _a32
362 0 _a1998
440 1 _aModerna
697 _aMATEMÁTICA
942 _cBK
999 _c150682
_d150682